Vista normal
Vista MARC
Entrada Materia (corporativa)
Número de registros utilizados en: 1
001 - CONTROL NUMBER
- control field: 115578
003 - CONTROL NUMBER IDENTIFIER
- control field: Co-BoUCM
005 - DATE AND TIME OF LATEST TRANSACTION
- control field: 20211015105413.0
008 - FIXED-LENGTH DATA ELEMENTS
- fixed length control field: 211015|| aca||aabn | a|a d
040 ## - CATALOGING SOURCE
- Original cataloging agency: Co-BoUCM
- Transcribing agency: Co-BoUCM
110 ## - HEADING--CORPORATE NAME
- Corporate name or jurisdiction name as entry element: Instituto Colombiano de Cultura.
- Subordinate unit: División de Inventario del Patrimonio Cultural
670 ## - SOURCE DATA FOUND
- Source citation: Work cat.: (Co-BoUCM)13794: Instituto Colombiano de Cultura. División de Inventario del Patrimonio Cultural., Recorridos fotográficos por el centro de Bogotá diagnóstico preliminar para el inventario y reglamentación del sector histórico, 1982